| 000 -LEADER |
| fixed length control field |
00617nam a2200253Ia 4500 |
| 001 - CONTROL NUMBER |
| control field |
16465 |
| 003 - CONTROL NUMBER IDENTIFIER |
| control field |
GE_BSU |
| 008 - FIXED-LENGTH DATA ELEMENTS--GENERAL INFORMATION |
| fixed length control field |
181216s||||||||xx |||||||||||||| ||und|| |
| 020 ## - INTERNATIONAL STANDARD BOOK NUMBER |
| International Standard Book Number |
978-2011552266 |
| 040 ## - CATALOGING SOURCE |
| Transcribing agency |
GE_BSU |
| 080 ## - UNIVERSAL DECIMAL CLASSIFICATION NUMBER |
| Universal Decimal Classification number |
811.133.1+379.85 |
| 100 ## - MAIN ENTRY--PERSONAL NAME |
| Personal name |
CALMY Anne-Marie |
| 245 ## - TITLE STATEMENT |
| Title |
Le Français du tourisme |
| 260 ## - PUBLICATION, DISTRIBUTION, ETC. |
| Place of publication, distribution, etc. |
Paris |
| 260 ## - PUBLICATION, DISTRIBUTION, ETC. |
| Name of publisher, distributor, etc. |
Hachette |
| 260 ## - PUBLICATION, DISTRIBUTION, ETC. |
| Date of publication, distribution, etc. |
2004 |
| 300 ## - PHYSICAL DESCRIPTION |
| Extent |
160 pages:ill.;27cm |
| 300 ## - PHYSICAL DESCRIPTION |
| Accompanying material |
Lexique multingue |
| 653 ## - INDEX TERM--UNCONTROLLED |
| Uncontrolled term |
Le Français du tourisme |
| 653 ## - INDEX TERM--UNCONTROLLED |
| Uncontrolled term |
ტურიზმი |
| 653 ## - INDEX TERM--UNCONTROLLED |
| Uncontrolled term |
ფრანგული ენა |
| 942 ## - ADDED ENTRY ELEMENTS (KOHA) |
| Koha item type |
წიგნი |